[Event "SLO-chT (Women)"]
[Site "Maribor"]
[Date "2019.05.18"]
[Round "6.4"]
[White "Trpin, Alenka"]
[Black "Vucko, Maja"]
[Result "0-1"]
[WhiteElo "1724"]
[BlackElo "1836"]
[PlyCount "96"]
[EventDate "2019.04.04"]
[EventType "team-tourn"]
[EventRounds "7"]
[EventCountry "SLO"]
[SourceTitle "CBM 190 Extra"]
[Source "ChessBase"]
[SourceDate "2019.07.15"]
[SourceVersion "1"]
[SourceVersionDate "2019.07.15"]
[SourceQuality "1"]
[WhiteTeam "Komenda (W)"]
[BlackTeam "Kocevje (W)"]
[WhiteTeamCountry "SLO"]
[BlackTeamCountry "SLO"]

1. d4 d5 2. c4 e6 3. Nf3 Nf6 4. Bg5 Be7 5. e3 0-0 6. Bd3 h6 7. Bh4 b6 8. 0-0 Bb7 9. Nc3 Nbd7 10. Rc1 c5 11. Re1 cxd4 12. Nxd4 Ne5 13. cxd5 Nxd3 14. Qxd3 Nxd5 15. Bxe7 Qxe7 16. a3 Rfd8 17. Qe2 Rd7 18. Nxd5 Rxd5 19. Rc3 e5 20. Nf5 Qg5 21. e4 Rd2 22. Qc4 Rc8 23. Qb4 Rxc3 24. bxc3 Qf4 25. f3 Qg5 26. Ne3 Qh4 27. Rf1 Qg5 28. Re1 Qd8 29. Qb5 f6 30. c4 a6 31. Qb4 Qd4 32. Kf1 Rb2 33. Rd1 Rxb4 34. Rxd4 exd4 35. axb4 dxe3 36. Ke2 Kf7 37. Kxe3 Ke6 38. Kd4 a5 39. bxa5 bxa5 40. c5 Bc6 41. f4 f5 42. exf5+ Kxf5 43. g3 a4 44. h3 a3 45. Kc3 a2 46. Kb2 Bd5 47. c6 Bxc6 48. Kxa2 Bg2 0-1

[Event "SLO-chT (Women)"]
[Site "Domzale"]
[Date "2016.04.15"]
[Round "6.1"]
[White "Velikic, Adela"]
[Black "Vucko, Maja"]
[Result "1-0"]
[WhiteElo "2270"]
[BlackElo "1895"]
[PlyCount "61"]
[EventDate "2016.04.01"]
[EventType "team-tourn"]
[EventRounds "7"]
[EventCountry "SLO"]
[SourceTitle "EXT 2019"]
[Source "ChessBase"]
[SourceDate "2018.10.10"]
[SourceVersion "1"]
[SourceVersionDate "2018.10.10"]
[SourceQuality "1"]
[WhiteTeam "Maribor ZSK (W)"]
[BlackTeam "Pomgrad Radenska (W)"]
[WhiteTeamCountry "SLO"]
[BlackTeamCountry "SLO"]

1. e4 c5 2. Nf3 d6 3. d4 cxd4 4. Nxd4 Nf6 5. Nc3 a6 6. Be3 e6 7. Be2 Be7 8. 0-0 0-0 9. f4 Qc7 10. a4 Nc6 11. Kh1 Bd7 12. Qe1 Nxd4 13. Bxd4 Bc6 14. Qg3 b6 15. Rae1 Rfd8 16. Bf3 b5 17. a5 Qb7 18. Nd1 Ne8 19. Nf2 d5 20. e5 Bb4 21. c3 Bxa5 22. Ng4 Qe7 23. b4 Bxb4 24. cxb4 Qxb4 25. Rd1 a5 26. f5 Kh8 27. fxe6 fxe6 28. Be2 Qe7 29. Rc1 h5 30. Qh3 g6 31. Rxc6 1-0

[Event "SLO-chT (Women)"]
[Site "Domzale"]
[Date "2016.04.02"]
[Round "2.1"]
[White "Vucko, Maja"]
[Black "Kolaric, Spela"]
[Result "0-1"]
[WhiteElo "1895"]
[BlackElo "2089"]
[PlyCount "78"]
[EventDate "2016.04.01"]
[EventType "team-tourn"]
[EventRounds "7"]
[EventCountry "SLO"]
[SourceTitle "EXT 2019"]
[Source "ChessBase"]
[SourceDate "2018.10.10"]
[SourceVersion "1"]
[SourceVersionDate "2018.10.10"]
[SourceQuality "1"]
[WhiteTeam "Pomgrad Radenska (W)"]
[BlackTeam "Kocevje (W)"]
[WhiteTeamCountry "SLO"]
[BlackTeamCountry "SLO"]

1. d4 Nf6 2. c4 e6 3. Nc3 Bb4 4. e3 0-0 5. Nf3 d5 6. Bd3 c5 7. 0-0 cxd4 8. exd4 dxc4 9. Bxc4 b6 10. a3 Bxc3 11. bxc3 Qc7 12. Qe2 Bb7 13. Ne5 Nc6 14. Nxf7 Rxf7 15. Bxe6 Nd8 16. Bxf7+ Nxf7 17. Bb2 Re8 18. Qd3 Nd6 19. Rae1 Rc8 20. f3 Bd5 21. Rf2 Bf7 22. f4 Bd5 23. Qh3 Nfe4 24. Rfe2 Re8 25. Qh5 Qf7 26. Qf3 Rf8 27. Bc1 Rc8 28. Qg4 h5 29. Qh3 Rxc3 30. Re3 Qxf4 31. Rxe4 Qxe4 32. Rxe4 Rxc1+ 33. Kf2 Nxe4+ 34. Ke2 Rc2+ 35. Ke1 Rc1+ 36. Ke2 Bc4+ 37. Ke3 Rc3+ 38. Kxe4 Rxh3 39. gxh3 Kf7 0-1

[Event "SLO-chT (Women)"]
[Site "Domzale"]
[Date "2016.04.01"]
[Round "1.1"]
[White "Orehek, Spela"]
[Black "Vucko, Maja"]
[Result "1-0"]
[WhiteElo "2083"]
[BlackElo "1895"]
[PlyCount "43"]
[EventDate "2016.04.01"]
[EventType "team-tourn"]
[EventRounds "7"]
[EventCountry "SLO"]
[SourceTitle "EXT 2019"]
[Source "ChessBase"]
[SourceDate "2018.10.10"]
[SourceVersion "1"]
[SourceVersionDate "2018.10.10"]
[SourceQuality "1"]
[WhiteTeam "Domzale (W)"]
[BlackTeam "Pomgrad Radenska (W)"]
[WhiteTeamCountry "SLO"]
[BlackTeamCountry "SLO"]

1. e4 c5 2. Nf3 a6 3. c3 d5 4. exd5 Qxd5 5. d4 cxd4 6. cxd4 Nf6 7. Nc3 Qd8 8. Bc4 e6 9. 0-0 Be7 10. d5 exd5 11. Nxd5 Nxd5 12. Bxd5 Qc7 13. Bg5 0-0 14. Re1 Bc5 15. Rc1 Qb6 16. Rxc5 Qxc5 17. Be7 Qc7 18. Bxf8 Kxf8 19. Ng5 h6 20. Nxf7 Qb6 21. Qe2 Bd7 22. Qe7+ 1-0

[Event "Brno op 5th"]
[Site "Brno"]
[Date "2014.11.20"]
[Round "7"]
[White "Vucko, Maja"]
[Black "Frej, Zofia"]
[Result "0-1"]
[WhiteElo "1923"]
[BlackElo "1713"]
[PlyCount "70"]
[EventDate "2014.11.15"]
[EventType "swiss"]
[EventRounds "9"]
[EventCountry "CZE"]
[SourceTitle "CBM 163 Extra"]
[Source "ChessBase"]
[SourceDate "2014.12.23"]
[SourceVersion "1"]
[SourceVersionDate "2014.12.23"]
[SourceQuality "1"]

1. d4 d5 2. Nf3 e6 3. e3 c5 4. Be2 Nf6 5. 0-0 Nc6 6. b3 cxd4 7. exd4 h6 8. Bb2 Bd6 9. Re1 0-0 10. Nbd2 Qc7 11. Nf1 Ne4 12. a3 b6 13. Bd3 f5 14. c4 Ne7 15. Rc1 Qb7 16. Qe2 Ng6 17. Qd1 Qf7 18. cxd5 exd5 19. Qc2 Bd7 20. Bxe4 fxe4 21. Ne5 Bxe5 22. dxe5 Nf4 23. Re3 Nd3 24. Rb1 Qxf2+ 25. Qxf2 Nxf2 26. Rg3 Be6 27. Bc1 Kh7 28. Be3 Nd3 29. Bd4 Rac8 30. Re3 Rc2 31. Rxd3 exd3 32. Rd1 Bg4 33. Ra1 d2 34. Nxd2 Rxd2 35. Bc3 Rd1+ 0-1

[Event "Brno op 5th"]
[Site "Brno"]
[Date "2014.11.18"]
[Round "4"]
[White "Kratochvil, Josef"]
[Black "Vucko, Maja"]
[Result "1-0"]
[WhiteElo "2236"]
[BlackElo "1923"]
[PlyCount "91"]
[EventDate "2014.11.15"]
[EventType "swiss"]
[EventRounds "9"]
[EventCountry "CZE"]
[SourceTitle "CBM 163 Extra"]
[Source "ChessBase"]
[SourceDate "2014.12.23"]
[SourceVersion "1"]
[SourceVersionDate "2014.12.23"]
[SourceQuality "1"]

1. e4 c5 2. Nf3 d6 3. d4 cxd4 4. Nxd4 Nf6 5. Nc3 g6 6. g3 Nc6 7. Nde2 b6 8. Bg2 Ba6 9. 0-0 Bg7 10. Re1 Bb7 11. a4 0-0 12. Nd5 Qd7 13. h3 Rac8 14. Bg5 Ne8 15. Qc1 e6 16. Ndc3 Nb4 17. Rd1 Ba6 18. Nd4 Qc7 19. Kh2 Nf6 20. Ndb5 Bxb5 21. axb5 d5 22. Ra3 Qc5 23. Be3 Qe7 24. e5 Ne8 25. f4 f6 26. Rd4 a5 27. bxa6 Nc6 28. Rd1 fxe5 29. Bxb6 exf4 30. a7 fxg3+ 31. Kh1 Qb7 32. Qe3 Rf6 33. Nxd5 exd5 34. Bxd5+ Kh8 35. Bd4 Rd6 36. Bxg7+ Nxg7 37. Qf3 Ra8 38. Rad3 Nf5 39. Rb3 Qc8 40. Qc3+ Nfd4 41. Rb8 Rxb8 42. axb8Q Qxb8 43. Rxd4 Ne5 44. Rb4 Qe8 45. Rb8 g2+ 46. Kxg2 1-0

[Event "Brno op 5th"]
[Site "Brno"]
[Date "2014.11.15"]
[Round "1"]
[White "Vucko, Maja"]
[Black "Tajovsky, Matej"]
[Result "1-0"]
[WhiteElo "1923"]
[BlackElo "1429"]
[PlyCount "51"]
[EventDate "2014.11.15"]
[EventType "swiss"]
[EventRounds "9"]
[EventCountry "CZE"]
[SourceTitle "CBM 163 Extra"]
[Source "ChessBase"]
[SourceDate "2014.12.23"]
[SourceVersion "1"]
[SourceVersionDate "2014.12.23"]
[SourceQuality "1"]

1. e4 c5 2. Nf3 d6 3. d4 cxd4 4. Nxd4 Nf6 5. Nc3 Nc6 6. Be2 e6 7. 0-0 Be7 8. Be3 a6 9. f4 0-0 10. Bf3 Bd7 11. Qe1 e5 12. Nxc6 Bxc6 13. Rd1 Qc7 14. Qg3 h6 15. fxe5 dxe5 16. Bxh6 Ne8 17. Kh1 Bf6 18. Be2 Qe7 19. Be3 Bd7 20. Nd5 Qe6 21. Bc5 Rc8 22. Qa3 Rxc5 23. Qxc5 Bc6 24. h3 b6 25. Qa3 a5 26. Bg4 1-0

[Event "Ljubljana-chT 67th"]
[Site "Gostovanja"]
[Date "2014.01.30"]
[Round "4.2"]
[White "Mlacnik, Janez"]
[Black "Vucko, Maja"]
[Result "1/2-1/2"]
[WhiteElo "1866"]
[BlackElo "1911"]
[PlyCount "158"]
[EventDate "2014.01.09"]
[EventType "team-tourn"]
[EventRounds "9"]
[EventCountry "SLO"]
[SourceTitle "EXT 2015"]
[Source "ChessBase"]
[SourceDate "2014.11.20"]
[SourceVersion "1"]
[SourceVersionDate "2014.11.20"]
[SourceQuality "1"]
[WhiteTeam "Karel Jeraj"]
[BlackTeam "Podpec"]
[WhiteTeamCountry "SLO"]
[BlackTeamCountry "SLO"]

1. e4 c5 2. Nf3 d6 3. d4 cxd4 4. c3 dxc3 5. Nxc3 e6 6. Bc4 Be7 7. Qe2 Nf6 8. 0-0 0-0 9. Rd1 a6 10. Bf4 Qc7 11. Rac1 Nc6 12. Bb3 Rd8 13. h3 b6 14. Nd5 exd5 15. exd5 Bb7 16. dxc6 Bc8 17. Ng5 Rf8 18. Re1 Ra7 19. Qc4 b5 20. Qd3 h6 21. Ne4 Nxe4 22. Qxe4 Kh8 23. Qe3 Bf5 24. Qd2 Bg6 25. Be3 Raa8 26. Bb6 Qxb6 27. Rxe7 Rac8 28. Rb7 Qd8 29. Rd7 Qh4 30. Qxd6 Qg5 31. Qd2 Qxd2 32. Rxd2 Rc7 33. Rd7 Rfc8 34. Rxc7 Rxc7 35. Bd5 Kg8 36. a4 Kf8 37. axb5 axb5 38. Rc5 Bd3 39. f4 Ke7 40. Kf2 Kd6 41. b4 Re7 42. Bf3 Bc4 43. g4 Ra7 44. Ke3 f6 45. Kd4 Kc7 46. Bd5 Bf1 47. Be4 Ra4 48. Kc3 Ra3+ 49. Kc2 Re3 50. Bf5 Bc4 51. h4 Rb3 52. g5 hxg5 53. fxg5 fxg5 54. hxg5 Rxb4 55. Bd7 Ra4 56. Re5 Kd6 57. Re8 Bd5 58. Rc8 Rc4+ 59. Kd3 Bxc6 60. Bxc6 Rxc6 61. Rb8 Rc5 62. g6 Ke5 63. Rb7 Kf6 64. Rb6+ Kg5 65. Kd4 Rf5 66. Ke3 Rf6 67. Rxb5+ Kxg6 68. Rb2 Rf5 69. Rg2+ Kf6 70. Rg4 g5 71. Rg1 Rf4 72. Rg3 Kg6 73. Rf3 Ra4 74. Kf2 g4 75. Rb3 Kg5 76. Kg3 Ra5 77. Rc3 Kf5 78. Rb3 Rd5 79. Ra3 Kg5 1/2-1/2

[Event "SLO-chT (Women)"]
[Site "Ljubljana"]
[Date "2013.04.25"]
[Round "5.1"]
[White "Unuk, Laura"]
[Black "Vucko, Maja"]
[Result "1-0"]
[WhiteElo "2008"]
[BlackElo "1918"]
[PlyCount "63"]
[EventDate "2013.04.18"]
[EventType "team-tourn"]
[EventRounds "7"]
[EventCountry "SLO"]
[SourceTitle "EXT 2015"]
[Source "ChessBase"]
[SourceDate "2014.11.20"]
[SourceVersion "1"]
[SourceVersionDate "2014.11.20"]
[SourceQuality "1"]
[WhiteTeam "Komenda (W)"]
[BlackTeam "Radenska Pomgrad (W)"]
[WhiteTeamCountry "SLO"]
[BlackTeamCountry "SLO"]

1. c4 e6 2. Nc3 d5 3. cxd5 exd5 4. d4 Nf6 5. g3 c6 6. Bg2 Bd6 7. e3 0-0 8. Nge2 Bf5 9. 0-0 Qc8 10. f3 Re8 11. Qb3 Qd7 12. Bd2 Na6 13. Rae1 Rab8 14. g4 Bxg4 15. fxg4 Nxg4 16. Ng3 h5 17. Rf3 h4 18. Nf1 Re6 19. e4 dxe4 20. Rxe4 Rg6 21. h3 Nf6 22. Rxh4 Re8 23. Qc2 Nb4 24. Qf5 Qc7 25. Ne4 Nxe4 26. Qh5 Rh6 27. Bxh6 Ng3 28. Nxg3 Bxg3 29. Rg4 Re1+ 30. Bf1 Bh2+ 31. Kh1 g6 32. Rxg6+ 1-0

[Event "SLO-chT (Women)"]
[Site "Murska Sobota"]
[Date "2012.04.22"]
[Round "7"]
[White "Franciskovic, Borka"]
[Black "Vucko, Maja"]
[Result "1-0"]
[WhiteElo "2250"]
[BlackElo "1919"]
[PlyCount "73"]
[EventDate "2012.04.13"]
[EventType "team-tourn"]
[EventRounds "7"]
[EventCountry "SLO"]
[SourceTitle "EXT 2022"]
[Source "ChessBase"]
[SourceDate "2021.10.06"]
[SourceVersion "1"]
[SourceVersionDate "2021.10.06"]
[SourceQuality "1"]
[WhiteTeam "Kocevje (W)"]
[BlackTeam "Pomgrad Radenska (W)"]
[WhiteTeamCountry "SLO"]
[BlackTeamCountry "SLO"]

1. Nf3 d5 2. g3 Nf6 3. Bg2 e6 4. d4 c5 5. 0-0 Nc6 6. c4 dxc4 7. Ne5 Nxe5 8. dxe5 Qxd1 9. Rxd1 Nd5 10. Na3 Bd7 11. Nxc4 0-0-0 12. Bxd5 exd5 13. Rxd5 Bb5 14. Rxd8+ Kxd8 15. Bg5+ Kc7 16. b3 Bxc4 17. bxc4 h6 18. Be3 Be7 19. Rd1 Kc6 20. f4 a6 21. a4 Rd8 22. Rb1 Rb8 23. Ra1 b5 24. axb5+ axb5 25. Ra7 Rb7 26. cxb5+ Kb6 27. Rxb7+ Kxb7 28. Kf2 Kb6 29. Kf3 Kxb5 30. Ke4 c4 31. f5 Kc6 32. h4 Bb4 33. f6 gxf6 34. exf6 Be1 35. Bxh6 c3 36. Kd3 Bxg3 37. Bg5 1-0

[Event "SLO-chT (Women)"]
[Site "Slovenia"]
[Date "2010.??.??"]
[Round "5"]
[White "Vucko, Maja"]
[Black "Kolaric, Spela"]
[Result "1-0"]
[WhiteElo "1915"]
[BlackElo "1995"]
[PlyCount "137"]
[EventDate "2010.??.??"]
[EventType "team-tourn"]
[EventRounds "9"]
[EventCountry "SLO"]
[SourceTitle "EXT 2012"]
[Source "ChessBase"]
[SourceDate "2011.11.24"]
[SourceVersion "1"]
[SourceVersionDate "2011.11.24"]
[SourceQuality "1"]

1. e4 c5 2. Nf3 e6 3. d4 cxd4 4. Nxd4 a6 5. Bd3 Nf6 6. 0-0 d6 7. c4 b6 8. Qe2 Bb7 9. Nc3 Be7 10. f4 0-0 11. g4 Nc6 12. Nxc6 Bxc6 13. g5 Nd7 14. Qh5 Nc5 15. Bc2 f5 16. Qh3 Qc8 17. Re1 fxe4 18. Nxe4 Nxe4 19. Bxe4 Bxe4 20. Rxe4 e5 21. Qxc8 Raxc8 22. fxe5 dxe5 23. Be3 Bc5 24. Bxc5 Rxc5 25. Rae1 Rf4 26. b3 Rxe4 27. Rxe4 Ra5 28. a4 Kf7 29. Kf2 Kg6 30. Rg4 Kf5 31. Rh4 Kxg5 32. Rxh7 Kg6 33. Rh8 b5 34. axb5 axb5 35. c5 b4 36. c6 Rc5 37. Rb8 Rxc6 38. Rxb4 Rc2+ 39. Kg3 Kf5 40. h3 g5 41. Rb8 Rc3+ 42. Kg2 Kf4 43. Rf8+ Ke4 44. b4 Rb3 45. Rb8 Ke3 46. b5 e4 47. b6 Ke2 48. Re8 e3 49. Re6 Kd2 50. Kf3 e2+ 51. Kf2 Rxb6 52. Rxe2+ Kd3 53. Re5 Rh6 54. Kg3 Kd4 55. Rxg5 Ke4 56. h4 Rh7 57. Kg4 Rf7 58. Rg6 Rf4+ 59. Kg5 Rf5+ 60. Kh6 Rf7 61. h5 Kf5 62. Rg7 Rf8 63. Kh7 Kf6 64. h6 Rf7 65. Kh8 Rf8+ 66. Rg8 Kf7 67. h7 Ke7 68. Kg7 Rf7+ 69. Kg6 1-0